000 00455nam a2200145Ia 4500
008 100204s9999 xx 000 0 und d
082 _b12391
100 _aवर्तक उषा
245 _aचटकदार गोष्टी
260 _b"शकुन प्रकाशन , पुणे 30"
_c1989
300 _a79
630 _aचटकदार गोष्टी
730 _aचटकदार गोष्टी
942 _cBOOK
999 _c456824
_d456821